[Event "ENG-ch Seniors 50"]
[Site "Kenilworth"]
[Date "2025.04.28"]
[Round "7"]
[White "Crocker, Philip J"]
[Black "Burrows, Martin P"]
[Result "1/2-1/2"]
[WhiteElo "2137"]
[BlackElo "2026"]
[PlyCount "50"]
[EventDate "2025.04.24"]
[EventType "swiss"]
[EventRounds "7"]
[EventCountry "ENG"]
[SourceTitle "CB18_2025"]
[SourceDate "2025.04.30"]
[SourceVersion "1"]
[SourceVersionDate "2025.04.30"]
[SourceQuality "1"]

1. c4 Nf6 2. Nf3 e6 3. g3 d5 4. Bg2 d4 5. e3 Nc6 6. 0-0 e5 7. exd4 exd4 8. d3 Be7 9. a3 a5 10. Re1 0-0 11. Bf4 h6 12. Ne5 Nxe5 13. Bxe5 c5 14. Bxf6 Bxf6 15. Nd2 Be7 16. Qh5 Be6 17. Re2 Qd7 18. h3 Kh7 19. Rae1 g6 20. Qf3 Rab8 21. Kh2 Kg7 22. Qf4 Bd6 23. Qh4 Be7 24. Qf4 Bd6 25. Qh4 Be7 1/2-1/2

[Event "ENG-ch Seniors 50"]
[Site "Kenilworth"]
[Date "2025.04.27"]
[Round "6"]
[White "Hebden, Mark"]
[Black "Crocker, Philip J"]
[Result "1-0"]
[WhiteElo "2383"]
[BlackElo "2137"]
[PlyCount "139"]
[EventDate "2025.04.24"]
[EventType "swiss"]
[EventRounds "7"]
[EventCountry "ENG"]
[SourceTitle "CB18_2025"]
[SourceDate "2025.04.30"]
[SourceVersion "1"]
[SourceVersionDate "2025.04.30"]
[SourceQuality "1"]

1. d4 Nf6 2. Bg5 g6 3. Bxf6 exf6 4. e3 d5 5. Nd2 Nd7 6. c4 dxc4 7. Bxc4 Bd6 8. Ne2 c6 9. h4 h5 10. Ne4 Nb6 11. Bb3 Kf8 12. Nxd6 Qxd6 13. Nc3 Be6 14. Rc1 Kg7 15. Ne4 Qb4+ 16. Qd2 Qxd2+ 17. Nxd2 Rhe8 18. Bxe6 fxe6 19. Ne4 Rad8 20. Nc5 Re7 21. Ke2 Rd5 22. Rhd1 Kf7 23. e4 Rd8 24. f3 Rc7 25. g4 hxg4 26. fxg4 Rh8 27. Rh1 Nd7 28. Nd3 Rcc8 29. b4 e5 30. dxe5 Nxe5 31. Nxe5+ fxe5 32. h5 gxh5 33. gxh5 Rcg8 34. Rcf1+ Ke6 35. h6 Rh7 36. Rh2 Rg6 37. Rfh1 Rg5 38. Rh5 Kf6 39. Rf1+ Kg6 40. Rxg5+ Kxg5 41. Rf5+ Kxh6 42. Rxe5 Kg6 43. a4 Kf6 44. Rf5+ Ke6 45. b5 cxb5 46. axb5 Rc7 47. Kd3 Rc1 48. Rh5 Rb1 49. Rh6+ Kd7 50. Kc4 a5 51. Kc5 a4 52. Rh7+ Kc8 53. Rh8+ Kd7 54. Ra8 Rc1+ 55. Kb6 Rc4 56. Kxb7 Rxe4 57. b6 Rb4 58. Ra6 Kd8 59. Kc6 Rc4+ 60. Kb7 Rb4 61. Ra5 Kd7 62. Rd5+ Ke6 63. Rd1 a3 64. Kc6 Rc4+ 65. Kb5 Rc2 66. b7 Rb2+ 67. Kc6 Rc2+ 68. Kb6 Rb2+ 69. Ka7 a2 70. b8Q 1-0

[Event "EU-chT Seniors 50"]
[Site "Swidnica"]
[Date "2025.04.12"]
[Round "8.7"]
[White "Crocker, Philip J"]
[Black "Adams, Mark"]
[Result "1-0"]
[WhiteElo "2137"]
[BlackElo "1916"]
[PlyCount "111"]
[EventDate "2025.04.05"]
[EventType "team-tourn"]
[EventRounds "9"]
[EventCountry "POL"]
[SourceTitle "CB16_2025"]
[SourceDate "2025.04.16"]
[SourceVersion "1"]
[SourceVersionDate "2025.04.16"]
[SourceQuality "1"]
[WhiteTeam "England 50 II"]
[BlackTeam "Wales Silures 50"]
[WhiteTeamCountry "ENG"]
[BlackTeamCountry "WLS"]

1. c4 e5 2. Nc3 Nf6 3. Nf3 Nc6 4. g3 d5 5. cxd5 Nxd5 6. Bg2 Nb6 7. 0-0 Be7 8. a3 0-0 9. d3 Be6 10. Be3 f6 11. Rc1 Qd7 12. Ne4 Rad8 13. Bc5 Bd5 14. Bxe7 Qxe7 15. Nc5 Nb8 16. Nd2 c6 17. b4 Rfe8 18. Qc2 Nc8 19. Nc4 Kh8 20. Ne3 Bxg2 21. Nf5 Qf7 22. Kxg2 g6 23. Ne3 Nd6 24. Nc4 b6 25. Nxd6 Rxd6 26. Qb3 Qxb3 27. Nxb3 Kg7 28. Rc4 f5 29. Rfc1 Red8 30. h4 Kf6 31. Kf3 h6 32. Ke3 Re6 33. f3 h5 34. Kf2 Rdd6 35. g4 hxg4 36. fxg4 b5 37. g5+ Kf7 38. R4c3 Ke8 39. e4 fxe4 40. Nc5 Re7 41. Nxe4 Rd4 42. Ke3 Kf8 43. Rf1+ Rf7 44. Rcc1 Rdd7 45. Rxf7+ Rxf7 46. Nf6 Ke7 47. Rc5 Kd6 48. Ke4 Re7 49. Rc1 a5 50. bxa5 Ra7 51. h5 gxh5 52. Kf5 Ke7 53. g6 Kf8 54. Rh1 Nd7 55. Rxh5 Nxf6 56. Kxf6 1-0

[Event "EU-chT Seniors 50"]
[Site "Swidnica"]
[Date "2025.04.11"]
[Round "7.15"]
[White "Czyz, Andrzej"]
[Black "Crocker, Philip J"]
[Result "0-1"]
[WhiteElo "1985"]
[BlackElo "2137"]
[PlyCount "56"]
[EventDate "2025.04.05"]
[EventType "team-tourn"]
[EventRounds "9"]
[EventCountry "POL"]
[SourceTitle "CB16_2025"]
[SourceDate "2025.04.16"]
[SourceVersion "1"]
[SourceVersionDate "2025.04.16"]
[SourceQuality "1"]
[WhiteTeam "Poland Caissa 50"]
[BlackTeam "England 50 II"]
[WhiteTeamCountry "POL"]
[BlackTeamCountry "ENG"]

1. e4 e5 2. Nf3 Nc6 3. Bb5 a6 4. Ba4 Nf6 5. d3 d6 6. c4 Bg4 7. h3 Bxf3 8. Qxf3 Nd7 9. Be3 g6 10. 0-0 Bg7 11. a3 0-0 12. Qe2 f5 13. f3 Nd4 14. Bxd4 exd4 15. Nd2 Nc5 16. Bc2 Bh6 17. Rfe1 Ne6 18. Rad1 Be3+ 19. Kh2 Nf4 20. Qf1 Qg5 21. g3 Nh5 22. Qg2 Nxg3 23. Nf1 f4 24. Nxe3 dxe3 25. Rxe3 fxe3 26. Qxg3 Qf6 27. Re1 Qxf3 28. Rxe3 Qf2+ 0-1

[Event "EU-ch Seniors 50"]
[Site "Lignano Sabbiadoro"]
[Date "2024.10.30"]
[Round "6"]
[White "Rewitz, Poul"]
[Black "Crocker, Philip J"]
[Result "1-0"]
[WhiteElo "2262"]
[BlackElo "2136"]
[PlyCount "87"]
[EventDate "2024.10.25"]
[EventType "swiss"]
[EventRounds "9"]
[EventCountry "ITA"]
[SourceTitle "CB45_2024"]
[Source "ChessBase"]
[SourceDate "2024.11.06"]
[SourceVersion "1"]
[SourceVersionDate "2024.11.06"]
[SourceQuality "1"]

1. Nf3 d5 2. d4 Nf6 3. e3 c6 4. Bd3 Bg4 5. Nbd2 e6 6. c4 Nbd7 7. Qc2 Bd6 8. h3 Bh5 9. b3 Bxf3 10. Nxf3 e5 11. dxe5 Nxe5 12. Nxe5 Bxe5 13. Bb2 Qa5+ 14. Ke2 Bxb2 15. Qxb2 dxc4 16. bxc4 0-0 17. Rhd1 b6 18. Rd2 Rfe8 19. Rad1 Qe5 20. Qxe5 Rxe5 21. Bc2 Kf8 22. f4 Rc5 23. Rd8+ Rxd8 24. Rxd8+ Ke7 25. Rd4 b5 26. Kd3 bxc4+ 27. Rxc4 Rxc4 28. Kxc4 Nd5 29. Kc5 Nxe3 30. Be4 Nd5 31. Bxd5 cxd5 32. Kxd5 Kd7 33. f5 f6 34. h4 g6 35. g4 Ke7 36. h5 g5 37. Kc6 h6 38. Kc7 a5 39. a4 Ke8 40. Kb6 Kd7 41. Kxa5 Kc6 42. Kb4 Kb6 43. Kc4 Ka5 44. Kd5 1-0

[Event "Titled Tuesday intern op 27th Aug Early"]
[Site "Chess.com INT"]
[Date "2024.08.27"]
[Round "11"]
[White "Bach, Ngoc Thuy Duong"]
[Black "Crocker, Philip J"]
[Result "1/2-1/2"]
[WhiteElo "2218"]
[BlackElo "2133"]
[PlyCount "84"]
[EventDate "2024.08.27"]
[EventType "swiss (blitz)"]
[EventRounds "11"]
[EventCountry "USA"]
[SourceTitle "EXT 2025"]
[Source "ChessBase"]
[SourceDate "2024.10.14"]
[SourceVersion "1"]
[SourceVersionDate "2024.10.14"]
[SourceQuality "1"]

1. d4 f5 2. c4 Nf6 3. Nc3 e6 4. Qc2 d5 5. e3 c6 6. f3 Bd6 7. Bd3 0-0 8. Nge2 b6 9. 0-0 Bb7 10. Bd2 Nbd7 11. Rae1 Rc8 12. h3 c5 13. cxd5 Nxd5 14. a3 c4 15. Bxf5 exf5 16. e4 Nxc3 17. Nxc3 Bg3 18. Rd1 fxe4 19. fxe4 Qh4 20. Be3 Nf6 21. d5 Bd6 22. Rf3 Rfe8 23. Bf2 Qg5 24. Bd4 Be5 25. Rf5 Bxd4+ 26. Rxd4 Qe3+ 27. Qf2 Qxf2+ 28. Kxf2 a6 29. e5 Nxd5 30. Nxd5 Bxd5 31. Rxd5 c3 32. bxc3 Rxc3 33. Rd6 Rxa3 34. Rxb6 Ra5 35. Kf3 Raxe5 36. Rxe5 Rxe5 37. Rxa6 Rb5 38. Ra7 Rb3+ 39. Kf4 Rb4+ 40. Kf3 Rb3+ 41. Kf4 Rb4+ 42. Kf3 Rb3+ 1/2-1/2

[Event "Titled Tuesday intern op 27th Aug Early"]
[Site "Chess.com INT"]
[Date "2024.08.27"]
[Round "4"]
[White "Jing, Andrew"]
[Black "Crocker, Philip J"]
[Result "1-0"]
[WhiteElo "2141"]
[BlackElo "2133"]
[PlyCount "85"]
[EventDate "2024.08.27"]
[EventType "swiss (blitz)"]
[EventRounds "11"]
[EventCountry "USA"]
[SourceTitle "EXT 2025"]
[Source "ChessBase"]
[SourceDate "2024.10.14"]
[SourceVersion "1"]
[SourceVersionDate "2024.10.14"]
[SourceQuality "1"]

1. d4 f5 2. c4 Nf6 3. g3 e6 4. Bg2 d5 5. Nf3 Bd6 6. 0-0 0-0 7. Bf4 Nc6 8. c5 Bxf4 9. gxf4 Ne4 10. Nbd2 b6 11. cxb6 axb6 12. e3 Ba6 13. Re1 Nb4 14. Nxe4 fxe4 15. Ne5 Nd3 16. Nxd3 Bxd3 17. a3 Kh8 18. Rc1 g5 19. f5 exf5 20. Qh5 Ra7 21. Rc6 Rg8 22. Rh6 c5 23. Bh3 g4 24. Bg2 Qg5 25. Qxg5 Rxg5 26. Rxb6 cxd4 27. exd4 f4 28. Bf1 Bxf1 29. Kxf1 f3 30. Rc6 h5 31. Rec1 h4 32. Rh6+ Kg7 33. Rxh4 Rb7 34. b4 Ra7 35. Rc3 Kg6 36. Rh8 Rh5 37. Rxh5 Kxh5 38. b5 Kg5 39. b6 Rb7 40. Rb3 Kf4 41. a4 e3 42. fxe3+ Ke4 43. Kf2 1-0

[Event "Titled Tuesday intern op 13th Aug Early"]
[Site "Chess.com INT"]
[Date "2024.08.13"]
[Round "10"]
[White "Crocker, Philip J"]
[Black "Murthy, Pappu LN"]
[Result "1-0"]
[WhiteElo "2133"]
[BlackElo "1838"]
[PlyCount "149"]
[EventDate "2024.08.13"]
[EventType "swiss (blitz)"]
[EventRounds "11"]
[EventCountry "USA"]
[SourceTitle "EXT 2025"]
[Source "ChessBase"]
[SourceDate "2024.10.14"]
[SourceVersion "1"]
[SourceVersionDate "2024.10.14"]
[SourceQuality "1"]

1. d4 d5 2. Bf4 Nf6 3. e3 c5 4. c3 Qb6 5. Qc2 g6 6. Nd2 Bf5 7. Qc1 c4 8. f3 Nh5 9. Bxb8 Rxb8 10. g4 Qf6 11. gxh5 Qh4+ 12. Kd1 Qf2 13. Ne2 Qxe3 14. Bg2 Bd3 15. Re1 Bh6 16. Nf1 Bxe2+ 17. Rxe2 Qd3+ 18. Rd2 Qf5 19. Qc2 Bxd2 20. Qxf5 gxf5 21. Kxd2 e6 22. f4 Rg8 23. Ng3 Rg4 24. Ke3 Kd7 25. Kf3 Rbg8 26. Re1 b5 27. b3 Rb8 28. Rb1 a5 29. bxc4 dxc4 30. a3 Rb6 31. Bf1 Kc7 32. Be2 Rh4 33. Kg2 Rxf4 34. Bf3 f6 35. Ne2 Rh4 36. Kg3 f4+ 37. Kxh4 e5 38. Kg4 exd4 39. Nxd4 f5+ 40. Kxf4 b4 41. cxb4 axb4 42. Rxb4 c3 43. Rc4+ Kd6 44. Rxc3 Ra6 45. Nxf5+ Ke6 46. h6 Ra4+ 47. Be4 Kf6 48. Ne3 Ke7 49. Ng4 Kf8 50. Ne5 Kg8 51. h4 Ra8 52. Rb3 Rf8+ 53. Ke3 Kh8 54. Rb7 Kg8 55. a4 Kh8 56. a5 Ra8 57. Rb5 Rg8 58. Nc4 Rf8 59. Rb6 Kg8 60. a6 Kh8 61. Rb7 Kg8 62. a7 Ra8 63. Rb8+ Rxb8 64. axb8Q+ Kf7 65. Qc7+ Kf6 66. Qd6+ Kf7 67. Qf4+ Ke6 68. Bd5+ Kd7 69. Qf7+ Kc8 70. Qxh7 Kb8 71. Qe7 Kc8 72. Kd4 Kb8 73. Kc5 Kc8 74. Kb6 Kb8 75. Qb7# 1-0

[Event "Titled Tuesday intern op 13th Aug Early"]
[Site "Chess.com INT"]
[Date "2024.08.13"]
[Round "7"]
[White "Crocker, Philip J"]
[Black "Wong, Yinn Long"]
[Result "0-1"]
[WhiteElo "2133"]
[BlackElo "2306"]
[PlyCount "68"]
[EventDate "2024.08.13"]
[EventType "swiss (blitz)"]
[EventRounds "11"]
[EventCountry "USA"]
[SourceTitle "EXT 2025"]
[Source "ChessBase"]
[SourceDate "2024.10.14"]
[SourceVersion "1"]
[SourceVersionDate "2024.10.14"]
[SourceQuality "1"]

1. d4 d5 2. Bf4 h5 3. e3 e5 4. Bxe5 f6 5. Bf4 g5 6. Be2 gxf4 7. Bxh5+ Ke7 8. exf4 Bf5 9. Nc3 c6 10. Qe2+ Kd7 11. 0-0-0 Bd6 12. g3 Na6 13. Bg4 Bxg4 14. Qxg4+ Kc7 15. Nf3 Qd7 16. Qg6 Qh7 17. f5 Qxg6 18. fxg6 Ne7 19. Nh4 Rag8 20. Rde1 Nxg6 21. Nf5 Kd7 22. h4 Ne7 23. Nxd6 Kxd6 24. Re2 Nf5 25. Rhe1 Nxd4 26. Re7 Nc7 27. Rf7 Rf8 28. Ree7 Rxf7 29. Rxf7 Rh6 30. Kd2 Nf3+ 31. Ke3 Ne5 32. Rf8 d4+ 33. Kd2 dxc3+ 34. Kxc3 Nd5+ 0-1

[Event "Titled Tuesday intern op 13th Aug Early"]
[Site "Chess.com INT"]
[Date "2024.08.13"]
[Round "5"]
[White "Kshatriya, Nitin Vekhande"]
[Black "Crocker, Philip J"]
[Result "1-0"]
[WhiteElo "2173"]
[BlackElo "2133"]
[PlyCount "73"]
[EventDate "2024.08.13"]
[EventType "swiss (blitz)"]
[EventRounds "11"]
[EventCountry "USA"]
[SourceTitle "EXT 2025"]
[Source "ChessBase"]
[SourceDate "2024.10.14"]
[SourceVersion "1"]
[SourceVersionDate "2024.10.14"]
[SourceQuality "1"]

1. e4 c6 2. d4 d5 3. exd5 cxd5 4. Bd3 Nc6 5. c3 Nf6 6. Bf4 Bg4 7. Qb3 Qc8 8. Nd2 e6 9. Ngf3 Be7 10. 0-0 0-0 11. Ne5 Nxe5 12. dxe5 Nd7 13. Qc2 h6 14. Rae1 Nc5 15. Bh7+ Kh8 16. h3 Bh5 17. g4 f5 18. exf6 Rxf6 19. Be5 Qe8 20. Bxf6 Bxf6 21. gxh5 Qxh5 22. Re3 Bg5 23. Bg6 Qh4 24. Rg3 Bf4 25. Nf3 Qf6 26. Rg2 e5 27. Rd1 Rd8 28. Qe2 e4 29. Nd4 Nd3 30. Rxd3 exd3 31. Bxd3 Be5 32. Rg6 Qf4 33. Nf3 Rf8 34. Nxe5 Qc1+ 35. Kg2 Qf4 36. Rg4 Qf6 37. Ng6+ 1-0

[Event "Titled Tuesday intern op 13th Aug Early"]
[Site "Chess.com INT"]
[Date "2024.08.13"]
[Round "8"]
[White "Novikova, Galina"]
[Black "Crocker, Philip J"]
[Result "1-0"]
[WhiteElo "2073"]
[BlackElo "2133"]
[PlyCount "41"]
[EventDate "2024.08.13"]
[EventType "swiss (blitz)"]
[EventRounds "11"]
[EventCountry "USA"]
[SourceTitle "EXT 2025"]
[Source "ChessBase"]
[SourceDate "2024.10.14"]
[SourceVersion "1"]
[SourceVersionDate "2024.10.14"]
[SourceQuality "1"]

1. e4 Nf6 2. e5 Nd5 3. d4 d6 4. Bc4 Nb6 5. Bb3 Bf5 6. exd6 exd6 7. Ne2 Be7 8. 0-0 0-0 9. Ng3 Bg6 10. f4 h6 11. f5 Bh7 12. Nh5 Bf6 13. Nd2 Bxd4+ 14. Kh1 N8d7 15. c3 Bf6 16. Ne4 a5 17. Qg4 Bg6 18. fxg6 Ne5 19. gxf7+ Kh8 20. Qg3 Nbc4 21. Nexf6 1-0

[Event "ENG-ch Seniors 50"]
[Site "Kenilworth"]
[Date "2024.05.25"]
[Round "3"]
[White "Byron, Alan M"]
[Black "Crocker, Philip J"]
[Result "1/2-1/2"]
[WhiteElo "2075"]
[BlackElo "2103"]
[PlyCount "53"]
[EventDate "2024.05.24"]
[EventType "swiss"]
[EventRounds "7"]
[EventCountry "ENG"]
[SourceTitle "CBM 220 Extra"]
[Source "ChessBase"]
[SourceDate "2024.07.31"]
[SourceVersion "1"]
[SourceVersionDate "2024.07.31"]
[SourceQuality "1"]

1. e4 e5 2. Nf3 Nc6 3. Bb5 a6 4. Ba4 Nf6 5. 0-0 d6 6. c3 Bd7 7. d3 g6 8. a3 Bg7 9. Re1 0-0 10. Nbd2 Qe8 11. Bb3 Kh8 12. Nf1 Ng8 13. d4 Bg4 14. d5 Nce7 15. h3 Bd7 16. Ng3 h6 17. Bc2 f5 18. exf5 gxf5 19. c4 b6 20. Rb1 a5 21. b3 Qf7 22. Bb2 Ng6 23. Nh5 Nf6 24. Ng3 Nh7 25. Nh5 Nf6 26. Ng3 Nh7 27. Nh5 1/2-1/2

[Event "Titled Tuesday intern op 26th Mar Early"]
[Site "Chess.com INT"]
[Date "2024.03.26"]
[Round "7"]
[White "Crocker, Philip J"]
[Black "Baladjaev, Gara"]
[Result "1-0"]
[WhiteElo "2103"]
[BlackElo "2404"]
[PlyCount "111"]
[EventDate "2024.03.26"]
[EventType "swiss (blitz)"]
[EventRounds "11"]
[EventCountry "USA"]
[SourceTitle "EXT 2025"]
[Source "ChessBase"]
[SourceDate "2024.10.14"]
[SourceVersion "1"]
[SourceVersionDate "2024.10.14"]
[SourceQuality "1"]

1. d4 Nf6 2. Bg5 d5 3. e3 Bf5 4. Bxf6 exf6 5. c4 c6 6. Nc3 Be7 7. Nf3 0-0 8. g3 dxc4 9. Bxc4 Nd7 10. 0-0 Nb6 11. Bd3 Bxd3 12. Qxd3 Qd7 13. Kg2 Rfe8 14. Rac1 Bf8 15. b3 f5 16. Rfd1 Rad8 17. Qc2 Nd5 18. Nxd5 Qxd5 19. Qc4 Qe4 20. Qc2 Ba3 21. Qxe4 fxe4 22. Ne5 Bxc1 23. Rxc1 f6 24. Nc4 Rd5 25. a4 b5 26. Nd2 bxa4 27. bxa4 Ra5 28. Rc4 f5 29. Nb3 Rd5 30. Rxc6 Rb8 31. Nc5 Rdd8 32. Rc7 a5 33. Ne6 Re8 34. Nxg7 Rec8 35. Ra7 Rc4 36. Nxf5 Rxa4 37. Nd6 Ra2 38. Nxe4 a4 39. Nf6+ Kf8 40. Nxh7+ Ke8 41. Nf6+ Kd8 42. h4 a3 43. h5 Rbb2 44. Ne4 Rb5 45. h6 Rh5 46. h7 Ra1 47. h8Q+ Rxh8 48. Ra8+ Kd7 49. Rxh8 a2 50. Ra8 Kc7 51. Kf3 Kb7 52. g4 Kxa8 53. g5 Rh1 54. g6 a1Q 55. g7 Qa2 56. Nf6 1-0

[Event "Titled Tuesday intern op 26th Mar Early"]
[Site "Chess.com INT"]
[Date "2024.03.26"]
[Round "6"]
[White "Crocker, Philip J"]
[Black "Nechitailo, Nikita"]
[Result "0-1"]
[WhiteElo "2103"]
[BlackElo "2244"]
[PlyCount "112"]
[EventDate "2024.03.26"]
[EventType "swiss (blitz)"]
[EventRounds "11"]
[EventCountry "USA"]
[SourceTitle "EXT 2025"]
[Source "ChessBase"]
[SourceDate "2024.10.14"]
[SourceVersion "1"]
[SourceVersionDate "2024.10.14"]
[SourceQuality "1"]

1. d4 Nf6 2. Bg5 Ne4 3. Bf4 c5 4. d5 e6 5. f3 Qa5+ 6. c3 Nf6 7. e4 exd5 8. exd5 d6 9. a4 Be7 10. Na3 0-0 11. Nc4 Qc7 12. g4 Re8 13. Kf2 Nbd7 14. h4 b6 15. h5 Bb7 16. Ne3 h6 17. c4 Ne5 18. Bxe5 dxe5 19. Nh3 e4 20. f4 Bd6 21. Kg3 g5 22. Ng2 e3 23. Be2 gxf4+ 24. Ngxf4 Bxf4+ 25. Nxf4 Ne4+ 26. Kf3 Nf2 27. Qc2 Re4 28. Rh2 Qxf4+ 29. Kg2 Rae8 30. Rf1 Qe5 31. Bf3 Nxg4 32. Bxg4 e2 33. Re1 Rxg4+ 34. Kh1 Qe4+ 35. Qxe4 Rgxe4 36. Rg2+ Kf8 37. Rf2 Ba6 38. b3 Re3 39. Kg2 Rxb3 40. Rfxe2 Rxe2+ 41. Rxe2 Bxc4 42. Rf2 Bxd5+ 43. Kg1 Rb1+ 44. Kh2 Rh1+ 45. Kg3 Rxh5 46. Rf6 Rg5+ 47. Kf4 Kg7 48. Rd6 Be6 49. Rc6 Rg4+ 50. Kf3 Rxa4 51. Rc7 h5 52. Kg3 h4+ 53. Kg2 h3+ 54. Kh2 Ra2+ 55. Kg1 h2+ 56. Kh1 Bd5# 0-1

[Event "Titled Tuesday intern op 26th Mar Early"]
[Site "Chess.com INT"]
[Date "2024.03.26"]
[Round "5"]
[White "Mesa Cruz, Juan Carlos"]
[Black "Crocker, Philip J"]
[Result "0-1"]
[WhiteElo "2126"]
[BlackElo "2103"]
[PlyCount "88"]
[EventDate "2024.03.26"]
[EventType "swiss (blitz)"]
[EventRounds "11"]
[EventCountry "USA"]
[SourceTitle "EXT 2025"]
[Source "ChessBase"]
[SourceDate "2024.10.14"]
[SourceVersion "1"]
[SourceVersionDate "2024.10.14"]
[SourceQuality "1"]

1. e4 c6 2. Nc3 d5 3. Nf3 Nf6 4. exd5 cxd5 5. Ne5 e6 6. d4 Nbd7 7. Bd3 Nxe5 8. dxe5 Nd7 9. Qe2 g6 10. 0-0 Bg7 11. f4 0-0 12. Be3 b6 13. Rad1 Nc5 14. Bb5 a6 15. Bc6 Rb8 16. b4 Nd7 17. a4 Qc7 18. b5 Nc5 19. Qf2 Nd7 20. Ne2 a5 21. c4 dxc4 22. Nc3 Rd8 23. Rd2 Bb7 24. Bxb7 Rxb7 25. Rfd1 Bf8 26. Ne4 Be7 27. Qf3 Nc5 28. Rxd8+ Bxd8 29. Nxc5 bxc5 30. Rxd8+ Qxd8 31. Qxb7 Qd1+ 32. Kf2 Qc2+ 33. Kg3 Qd3 34. Qc8+ Kg7 35. Qxc5 c3 36. b6 c2 37. b7 Qb3 38. b8Q Qxb8 39. Qxc2 Qb4 40. Bc5 Qe1+ 41. Kh3 h5 42. Qf2 Qe4 43. Be7 Qf5+ 44. Kg3 Qg4# 0-1

[Event "Titled Tuesday intern op 27th Feb Early"]
[Site "Chess.com INT"]
[Date "2024.02.27"]
[Round "10"]
[White "Crocker, Philip J"]
[Black "Eilers, Stefan"]
[Result "1/2-1/2"]
[WhiteElo "2137"]
[BlackElo "2275"]
[PlyCount "100"]
[EventDate "2024.02.27"]
[EventType "swiss (blitz)"]
[EventRounds "11"]
[EventCountry "USA"]
[SourceTitle "EXT 2025"]
[Source "ChessBase"]
[SourceDate "2024.10.14"]
[SourceVersion "1"]
[SourceVersionDate "2024.10.14"]
[SourceQuality "1"]

1. d4 g6 2. e4 Bg7 3. Nc3 c6 4. Be3 d5 5. h3 dxe4 6. Nxe4 Nf6 7. Nxf6+ exf6 8. Nf3 0-0 9. Be2 Re8 10. 0-0 Bf5 11. c3 Nd7 12. Nh2 Nb6 13. Ng4 Bxg4 14. Bxg4 f5 15. Bf3 Nd5 16. Bd2 Qc7 17. Bxd5 cxd5 18. Qf3 Re4 19. Rfe1 Rae8 20. Qd3 Qc4 21. Qxc4 dxc4 22. f3 Rxe1+ 23. Rxe1 Rxe1+ 24. Bxe1 Kf8 25. Kf2 Ke7 26. Ke2 Ke6 27. Bg3 Bh6 28. Bb8 a6 29. b3 b5 30. bxc4 bxc4 31. Kd1 Kd5 32. Kc2 Kc6 33. Kb2 Kb5 34. Be5 Ka4 35. Bd6 Be3 36. Be7 Kb5 37. Kc2 Bf4 38. Kb2 Bc7 39. Bf8 Ba5 40. Bh6 Kc6 41. Bf8 h5 42. Bb4 Bc7 43. Bc5 Kd5 44. Ka3 g5 45. Ka4 g4 46. Bb4 Kc6 47. Ba5 Bd6 48. Bb4 Bc7 49. Ba5 Bd6 50. Bb4 Bc7 1/2-1/2

[Event "Titled Tuesday intern op 27th Feb Early"]
[Site "Chess.com INT"]
[Date "2024.02.27"]
[Round "6"]
[White "Ziatdinov, Raset"]
[Black "Crocker, Philip J"]
[Result "1/2-1/2"]
[WhiteElo "2093"]
[BlackElo "2137"]
[PlyCount "112"]
[EventDate "2024.02.27"]
[EventType "swiss (blitz)"]
[EventRounds "11"]
[EventCountry "USA"]
[SourceTitle "EXT 2025"]
[Source "ChessBase"]
[SourceDate "2024.10.14"]
[SourceVersion "1"]
[SourceVersionDate "2024.10.14"]
[SourceQuality "1"]

1. e4 Nf6 2. e5 Nd5 3. Bc4 Nb6 4. Bb3 d5 5. exd6 cxd6 6. d4 g6 7. Nf3 Bg7 8. c3 0-0 9. 0-0 Nc6 10. Re1 Bg4 11. h3 Bxf3 12. Qxf3 e6 13. Nd2 d5 14. Nf1 a5 15. Bc2 a4 16. Bf4 Nc4 17. Rab1 a3 18. b3 Nd6 19. Rbd1 Rc8 20. Qg3 Nb5 21. Rd3 Ne7 22. Rde3 Nf5 23. Bxf5 exf5 24. Nh2 Nc7 25. Be5 Ne6 26. Nf3 Bxe5 27. Rxe5 Rxc3 28. Rxf5 Nxd4 29. Rf4 Nxf3+ 30. Rxf3 Rxf3 31. Qxf3 Qd6 32. Rd1 Rd8 33. Qd3 Qc5 34. Rd2 d4 35. Rc2 Qd5 36. f3 Kg7 37. Kf2 Qe5 38. b4 Qd5 39. Qxa3 d3 40. Qc3+ f6 41. Rd2 Qd4+ 42. Qxd4 Rxd4 43. a3 b5 44. Ke3 Rd7 45. Rxd3 Re7+ 46. Kd4 Re2 47. g4 h5 48. Kc5 hxg4 49. hxg4 Re5+ 50. Kb6 g5 51. Kc6 Kf7 52. Kb6 Ke6 53. Kc6 Re1 54. Kb6 Re5 55. Kc6 Ke7 56. Kb6 Ke6 1/2-1/2

[Event "Cambridge op 2nd"]
[Site "Cambridge"]
[Date "2024.02.21"]
[Round "4"]
[White "Crocker, Philip J"]
[Black "McMahon, Paul"]
[Result "1/2-1/2"]
[WhiteElo "2137"]
[BlackElo "1862"]
[PlyCount "84"]
[EventDate "2024.02.19"]
[EventType "swiss"]
[EventRounds "9"]
[EventCountry "ENG"]
[SourceTitle "CBM 218 Extra"]
[Source "ChessBase"]
[SourceDate "2024.03.31"]
[SourceVersion "1"]
[SourceVersionDate "2024.03.31"]
[SourceQuality "1"]

1. c4 Nf6 2. g3 g6 3. Bg2 Bg7 4. Nc3 e5 5. Nf3 Nc6 6. 0-0 0-0 7. d4 exd4 8. Nxd4 Ne5 9. b3 d6 10. Bb2 c6 11. h3 Re8 12. e4 Qb6 13. Na4 Qc7 14. f4 Ned7 15. Re1 Nh5 16. Kh2 Nc5 17. Nc3 Ne6 18. Nde2 Nc5 19. Qd2 Nf6 20. Nd4 Ne6 21. Nf3 Nc5 22. e5 dxe5 23. Nxe5 Bf5 24. Rad1 Rad8 25. Qf2 Rxd1 26. Rxd1 Qb6 27. g4 Be6 28. g5 Nfd7 29. Ng4 f5 30. Ne3 Rd8 31. Qd2 Bf7 32. Bf3 Ne6 33. Ncd5 cxd5 34. Nxd5 Qc5 35. Bxg7 Nxg7 36. Nf6+ Nxf6 37. Qxd8+ Nfe8 38. Kg3 Qe3 39. Qd2 Nh5+ 40. Kg2 Nxf4+ 41. Kg3 Nh5+ 42. Kg2 Nf4+ 1/2-1/2

[Event "Cambridge op 2nd"]
[Site "Cambridge"]
[Date "2024.02.21"]
[Round "5"]
[White "Samarakoon, Vivash Ransara"]
[Black "Crocker, Philip J"]
[Result "1/2-1/2"]
[WhiteElo "1864"]
[BlackElo "2137"]
[PlyCount "57"]
[EventDate "2024.02.19"]
[EventType "swiss"]
[EventRounds "9"]
[EventCountry "ENG"]
[SourceTitle "CBM 218 Extra"]
[Source "ChessBase"]
[SourceDate "2024.03.31"]
[SourceVersion "1"]
[SourceVersionDate "2024.03.31"]
[SourceQuality "1"]

1. e4 e5 2. Nf3 Nc6 3. Bb5 a6 4. Ba4 Nf6 5. 0-0 d6 6. Re1 Bd7 7. c3 g6 8. d3 Bg7 9. Nbd2 0-0 10. Nf1 h6 11. Bb3 Kh8 12. Ng3 Nh7 13. Kh1 Qe8 14. Ng1 f5 15. f4 fxe4 16. Nxe4 Qd8 17. Rf1 Qe7 18. Qc2 g5 19. g3 gxf4 20. gxf4 Qh4 21. Nf3 Qh3 22. Qg2 exf4 23. Qxh3 Bxh3 24. Nh4 Ne7 25. Rxf4 Rxf4 26. Bxf4 Rf8 27. Be3 Nf6 28. Nf2 Ng4 29. Nxh3 1/2-1/2